000 00623nam a2200193 a 4500
008 960125s1958||||[C 0 slo c
040 _aSNK
_bslo
_cSNK
_eAACR2
041 1 _aslo
044 _axo
_cSK
080 _a778.5(091)
100 1 _aBalázs, Béla
_4aut
245 1 0 _aFilm
_bVývoj a podstata nového umenia
_cBéla Balázs ; Prel. Štefan Horváth
260 _aBratislava
_bSVKL
_c1958
_eS.l.Polygrafické záv.
_fPolygrafické záv.
300 _a382, [8] s.
_b[16] obr. príl.
_c
700 1 _aHorváth, Štefan
_4trl
765 0 _tDer Film, Werden und Wesen einer neuen, Kunst
020 _c20,30
958 _aA
999 _c14912
_d14912